| 000 | 01466nab a22002657a 4500 | ||
|---|---|---|---|
| 999 |
_c5688 _d5688 |
||
| 003 | OSt | ||
| 005 | 20251227001546.0 | ||
| 008 | 190603e xxum|||| |||| 00| 0 spa d | ||
| 040 | _cPJ | ||
| 100 |
_91277 _aVítolo, Daniel Roque |
||
| 245 | 1 | 3 |
_aLas sociedades a 10 años de la sanción del Código Civil y Comercial de la Nación / _cDaniel Roque Vítolo. |
| 260 |
_cCiudad Autónoma de Buenos Aires : _aThomson Reuters La Ley, _b2025. |
||
| 300 | _ap. 238-249 | ||
| 500 | _aCita: TR LALEY AR/DOC/1766/2025 Publicado en: RCCyC 2025 (agosto). | ||
| 505 | _aSumario: I. A modo de introducción.— II. Algunos cambios sustanciales en el régimen regulatorio de las personas jurídicas privadas en el Cód. Civ. y Com.— III. Las reformas introducidas al texto de la ley 19.550 por la ley 26.994.— IV. El efecto de la reforma introducida por la ley 26.994 en el régimen societario.— V. La ley 27.444.— VI. A modo de conclusión. | ||
| 505 | _t¿Te interesa el texto completo? Solicitalo al correo: koha@justierradelfuego.gov.ar | ||
| 650 | 0 |
_91497 _aCODIGO CIVIL Y COMERCIAL |
|
| 650 | 0 |
_91602 _aDERECHO COMERCIAL |
|
| 650 | 0 |
_9646 _aSOCIEDADES COMERCIALES |
|
| 650 | 0 |
_91625 _aSOCIEDAD ANONIMA |
|
| 650 | 0 |
_91653 _aDERECHOS DEL SOCIO |
|
| 650 | 0 |
_93474 _aAUTONOMÍA DE LA VOLUNTAD |
|
| 773 | 0 |
_02713 _93170 _dCiudad Autónoma de Buenos Aires : Thomson Reuters La Ley, 2015- _tRevista Código Civil y Comercial. Nº 4 - Agosto 2025 |
|
| 942 |
_2udc _cANA |
||